Language Quiz

Random Language or Latin Quiz

The Beatles in Latin Quiz Stats

 Plays Quiz Updated Sep 24, 2012

Challenge
Share
Tweet
Embed
Score 0/20 Timer 05:00
2 Plays Today
Latin Song Title English Song Title % Correct
Iuvate!Help!
62.9%
Dies in VitaA Day in the Life
62.1%
Salve, ValeHello, Goodbye
58.6%
Huc Venit SolHere Comes the Sun
58.3%
Solis RexSun King
53.5%
Ea Amat TeShe Loves You
53.3%
Ab Me Ad TeFrom Me To You
48.5%
PuellaGirl
41.4%
Nox Diei LaboriosiA Hard Day's Night
40.6%
Ego Me MeusI Me Mine
36%
Latin Song Title English Song Title % Correct
Trans MundumAcross the Universe
34.5%
Torquete et ClamateTwist and Shout
31.7%
HeriYesterday
28.3%
QuodBecause
25.3%
EstoLet It Be
23.5%
Intus Te Sine TeWithin You Without You
23.1%
Me AmaLove Me Do
21.5%
RevertereGet Back
17.9%
AliquidSomething
16.6%
Age Meum CarrumDrive My Car
13%

You're not logged in!

Compare scores with friends on all Sporcle quizzes.
Join for Free
OR
Log In

You Might Also Like...

Show Comments

Extras

Top Quizzes Today


Score Distribution

Your Account Isn't Verified!

In order to create a playlist on Sporcle, you need to verify the email address you used during registration. Go to your Sporcle Settings to finish the process.

Report this User

Report this user for behavior that violates our Community Guidelines.

Details: